Statistics for Name BTS Members

Click here to take the quiz!

General Stats

  • This quiz has been taken 201 times
  • The average score is 7 of 7

Answer Stats

HintAnswer% Correct
what letter comes after U?V
100%
has hope in his nameJ-Hope
99%
has jim in his name.Jimin
99%
name sounds like Sugar. his name is in sugar.Suga
99%
Eldest memberJin
98%
maknaeJungkook
98%
leader; abbreviations are RMRap Monster
90%

Score Distribution

Percentile by Number Answered

Percent of People with Each Score

Your Score History

You have not taken this quiz